[Event "Nuremberg Zabo op 10th"]
[Site "Nuremberg"]
[Date "2008.09.20"]
[Round "3"]
[White "Lingl, Peter"]
[Black "Aykut, Justin"]
[Result "1-0"]
[WhiteElo "1390"]
[BlackElo "859"]
[PlyCount "67"]
[EventDate "2008.09.19"]
[EventType "swiss"]
[EventRounds "5"]
[EventCountry "GER"]
[SourceTitle "EXT 2012"]
[Source "ChessBase"]
[SourceDate "2011.11.24"]
[SourceVersion "1"]
[SourceVersionDate "2011.11.24"]
[SourceQuality "1"]

1. e4 c5 2. Nc3 Nf6 3. g3 a6 4. Bg2 d6 5. d3 b5 6. e5 d5 7. exf6 exf6 8. Bxd5 Ra7 9. Be3 Rd7 10. Bg2 c4 11. Bh3 Rd6 12. Bf4 Qe7+ 13. Kd2 Bxh3 14. Nxh3 b4 15. Re1 bxc3+ 16. bxc3 Re6 17. Bxb8 Qb7 18. Rb1 Qg2 19. Nf4 Qxf2+ 20. Re2 Rxe2+ 21. Qxe2+ Qxe2+ 22. Kxe2 Be7 23. Rb7 cxd3+ 24. cxd3 Bd8 25. Bd6 g5 26. Nd5 Rg8 27. Rb8 Rg6 28. Be7 Kd7 29. Rxd8+ Kc6 30. Nxf6 Rh6 31. Ng4 Re6+ 32. Kd2 Rxe7 33. h4 gxh4 34. gxh4 1-0